[Event "Eschborn op"]
[Site "Eschborn"]
[Date "2017.10.15"]
[Round "4"]
[White "Neagu, Liviu"]
[Black "Janke, Christopher"]
[Result "1/2-1/2"]
[WhiteElo "1415"]
[BlackElo "1553"]
[PlyCount "32"]
[EventDate "2017.10.13"]
[EventType "swiss"]
[EventRounds "5"]
[EventCountry "GER"]
[SourceTitle "EXT 2019"]
[Source "ChessBase"]
[SourceDate "2018.10.10"]
[SourceVersion "1"]
[SourceVersionDate "2018.10.10"]
[SourceQuality "1"]

1. d4 f5 2. Nc3 Nf6 3. Bg5 g6 4. Bxf6 exf6 5. Qd2 d5 6. 0-0-0 Bb4 7. Qe3+ Kf7 8. h4 Bxc3 9. Qxc3 Qd6 10. e3 Nc6 11. a3 a6 12. h5 Bd7 13. g3 Ne7 14. Bg2 b5 15. Ne2 g5 16. f3 Rhe8 1/2-1/2